00397pab a2200145 454500008004000000100002000040245006800060260000900128300001400137362001100151650001900162650001000181700002600191773003400217180718b2011 xxu||||| |||| 00| 0 eng d aLingam, Lakshmi aReproductive rights and exclusionary wrongs: Maternity benefits c2011 ap.94-103. a22 Oct aWomens studies aWomen aYelamanchili, Vaidehi aEconomic and Political Weekly